LEADER 01318nam a2200313 u 4500 001 000000065563 003 CaOOAMICUS 005 20070226121459.0 008 011210s1925 fr u000 u fre u 035 $a10913443 040 $aPUL(R)$bita 100 1 $aTermier, Pierre,$d1859-$0(OLS)http://pul/name/44115 245 13$aLa joie de connaître :$bsuite de A la gloire de la terre, souvenirs d'un géologue /$cPierre Termier. 250 $a8. ed. 260 $aParis :$bDesclée de Brouwer,$c1925. 300 $a327 p. ;$c21 cm 490 1 $aBibliothèque française de philosophie 500 $aContiene indice. 504 $aBibliografia in nota. 650 4$aConoscenza.$0(OLS)http://pul/subject/6941 830 0$aBibliothèque française de philosophie.$0(OLS)http://pul/title/7899 850 $aPUL 852 $aPUL$W1$xDP2 Filosofia 1$y62$m90 I 3$j84863$nBK-PRI$b $qStampati$B84863$CPULBib$Z2$F84863 $81 852 $aPUL$W1$xDP1 Fondo Cecchetti$y53$m260 D 27.3$j84864$nBK-PRI$b2. copia$qFondi$B84864$CPULBib$Z2$F84864 $81 941 1 $a8 941 1 $a1 961 $aINV: 267 996 $6245$aLa joie de connaître :$bsuite de A la gloire de la terre, souvenirs d'un géologue$9(OLS)http://pul/title/87183 996 $6260$aParis :$bDesclée de Brouwer$9(OLS)http://pul/publisher/49456 LEADER 01422nam a2200325 a 4500 001 000000143358 003 CaOOAMICUS 005 20150921131633.0 008 150518s2009 it u000 u ita r 020 $a978-88-250-2437-1 040 $aPUL$bita 082 04$a233 245 00$aLibertà: crisi e ripresa della coscienza morale /$ca cura di Mario Signore e Giovanni Scarafile. 260 $aPadova :$bMessaggero di Sant'Antonio,$c©2009. 300 $a221 p.$c19 cm 490 1 $aFede e cultura 650 14$aLibertà di coscienza.$0(OLS)http://pul/subject/545 700 1 $aSignore, Mario.$0(OLS)http://pul/name/58327 700 1 $aScarafile, Giovanni.$0(OLS)http://pul/name/58328 830 0$aFede e cultura (Messaggero).$0(OLS)http://pul/title/138860 850 $aPUL 852 $aPUL$W1$xSL Religione 3$y85$m233 SIGMA 1$j165482$qDDC 21$B165747$CPULBib$Z2$F165747 $H125796 $82 852 $aPUL$W1$xDP1 Fondo S. Lanza$y121$m3 P 10$j168817$qFondi$B169454$CPULBib$Z2$F169454 $HLAN282 $82 941 1 $a9 941 1 $a1 996 $6020$a978-88-250-2437-1$9(OLS)http://pul/number/157555 996 $6082$a233$9(OLS)http://pul/classification/447 996 $6245$aLibertà: crisi e ripresa della coscienza morale$9(OLS)http://pul/title/181403 996 $6260$aPadova :$bMessaggero di Sant'Antonio$9(OLS)http://pul/publisher/70267